| 000 | 00694nam a2200169 i 4500 | ||
|---|---|---|---|
| 001 | 159979 | ||
| 003 | ES-MaACL | ||
| 005 | 20230906211913.0 | ||
| 008 | 991102s1866 sp |||| | spa d | ||
| 040 |
_aCCPB | B _bspa _cCCPB | B |
||
| 100 | 1 |
_aMonmany y Carcereny, Fernando. _9130064 |
|
| 245 | 1 | 0 |
_aTratado de ortografía demostrada, distribuido en tres secciones / _cpor Fernando Monmany y Carcereny. |
| 260 |
_aBarcelona : _b[s.n.], _c1866 ( _fImprenta de Gómez é Inglada) |
||
| 300 |
_a73, [3] p. ; _c15 cm. |
||
| 650 | 0 | 4 |
_aLengua española- _xOrtografía. _914177 |
| 852 |
_aES-MaACL _jT-1308-F-2 _z- Enc. hol. _z. - Donativo Bosch _q- Falto de cub. original _z- Enc. en un vol. facticio |
||
| 999 |
_c159979 _d159979 |
||